Movies Quiz

Random Movies or Actress Quiz
Score 0/64 Timer 12:00
0 Plays Today
Hint Answer % Correct
ZoolanderBen Stiller
89.4%
MoneyballBrad Pitt
88.6%
The Cable GuyJim Carrey
84.7%
ClickAdam Sandler
84.3%
Red 2Bruce Willis
80.3%
ZoolanderOwen Wilson
79.4%
The Talented Mr. RipleyMatt Damon
76.4%
Dark Shadows (2012)Johnny Depp
75.7%
MoneyballJonah Hill
74.2%
ZombielandWoody Harrelson
71%
The Incredible Hulk (2008)Edward Norton
70.5%
This Is the EndJonah Hill
68.4%
This Is the EndJames Franco
66.1%
WantedAngelina Jolie
65.8%
ZombielandEmma Stone
61.6%
ZoolanderWill Ferrell
59.3%
ZombielandJesse Eisenberg
58.9%
WantedMorgan Freeman
57.9%
This Is the EndSeth Rogen
57.4%
Red 2Helen Mirren
55.3%
Mars Attacks!Jack Nicholson
55%
The Talented Mr. RipleyJude Law
54.2%
The Cable GuyMatthew Broderick
52.6%
Sin City: A Dame To Kill ForJessica Alba
52.4%
Dracula (1992)Gary Oldman
46.2%
WantedJames McAvoy
44.4%
Red 2John Malkovich
43.4%
The Talented Mr. RipleyGwyneth Paltrow
42.5%
Sin City: A Dame To Kill ForMickey Rourke
40.8%
ClickChristopher Walken
35.3%
Dark Shadows (2012)Helena Bonham Carter
35%
MoneyballPhilip Seymour Hoffman
34.5%
Hint Answer % Correct
The Incredible Hulk (2008)Liv Tyler
34.2%
Dracula (1992)Keanu Reeves
33.7%
A Bug's LifeKevin Spacey
30.8%
ClickKate Beckinsale
29.9%
Dracula (1992)Winona Ryder
29.1%
Dark Shadows (2012)Eva Green
28.7%
Dark Shadows (2012)Michelle Pfeiffer
28.2%
ZombielandAbigail Breslin
27.1%
HugoChloe Grace Moretz
23.7%
Mars Attacks!Pierce Brosnan
23.7%
Red 2Mary-Louise Parker
22.5%
A Bug's LifeDave Foley
21.6%
Dracula (1992)Anthony Hopkins
21.5%
HugoBen Kingsley
21.3%
Mars Attacks!Glenn Close
21.1%
HugoSacha Baron Cohen
21.1%
This Is the EndJay Baruchel
20.8%
The Incredible Hulk (2008)Tim Roth
20.6%
ZoolanderChristine Taylor
20.3%
The Cable GuyJack Black
19.8%
The Incredible Hulk (2008)William Hurt
16.8%
HugoAsa Butterfield
16.4%
The Talented Mr. RipleyCate Blanchett
16.2%
Sin City: A Dame To Kill ForJoseph Gordon-Levitt
14.6%
A Bug's LifeJulia Louis-Dreyfus
14.6%
The Cable GuyLeslie Mann
13.3%
Sin City: A Dame To Kill ForJosh Brolin
12.7%
ClickDavid Hasselhoff
10.1%
A Bug's LifeHayden Panettiere
9.1%
MoneyballRobin Wright
8%
Mars Attacks!Annette Bening
7.3%
WantedTerence Stamp
3.6%
Remove Ads.
Support Sporcle.
Get the best of Sporcle when you Go Orange. This ad-free experience offers more features, more stats, and more fun while also helping to support Sporcle. Thank you for becoming a member.

You're not logged in!

Compare scores with friends on all Sporcle quizzes.
OR
Log In

Show Comments

Extras

Top Quizzes Today


Score Distribution

Your Account Isn't Verified!

In order to create a playlist on Sporcle, you need to verify the email address you used during registration. Go to your Sporcle Settings to finish the process.

Report this User

Report this user for behavior that violates our Community Guidelines.

Details: